Formas de provincias españolas #1 - Estadísticas

Estadísticas generales
  • Esta prueba ha sido intentada 202 veces
  • La puntuación promedio es 14 de 25
Estadísticas de respuestas
Imagen Respuesta % Correcto
Islas Baleares
93%
Santa Cruz de Tenerife
87%
Navarra
79%
Murcia
78%
Valencia
76%
Álava
75%
Pontevedra
70%
Alicante
68%
Cáceres
67%
Zaragoza
62%
Zamora
58%
Granada
56%
Valladolid
56%
Málaga
52%
Almería
49%
Huesca
47%
Córdoba
46%
Sevilla
45%
Gerona
41%
Soria
40%
Salamanca
38%
Teruel
37%
Ávila
36%
Segovia
33%
Guipúzcoa
32%
No se encontraron pruebas coincidentes
Distribución de puntuación
Porcentaje de gente con cada puntuación
Porcentaje por número respondido
Historial de tus puntuaciones
No has intentado esta prueba.